Mata - teksty piosenek (Młody Matczak) - Statystyki

Ogólne statystyki
  • Ten quiz został rozwiązany 1 169 razy
  • Średni wynik to 5 z 16
Statystyki odpowiedzi
Tekst Odpowiedź % Poprawnych
I każdy normalny to w sumie zrozumiał oprócz Krystyny Pawłowicz
71%
Jedna myślała, że MAT jest Mateuszem
59%
Każdy kogo znam zjarał chociaż gram zioła
50%
Wczoraj tu chyba była Agnieszka jutro robię Zuzię
48%
Jest mi szkoda, no bo wirus zabrał mi mój dwudziesty rok życia
41%
Bo palę sam a chciałbym z wami
40%
Lubię gdy rano budzi mnie dźwięk deszczu
39%
Ona chce dziś z nami palić papierosy no i przeklinać
30%
Wziąć chłopaków na domówkę ugotować parówkę na śniadanie
29%
A dzisiaj się bawię i wcale nie tak głośno nawet
28%
Karol Wojtyła patrzy się na nas znad pianina
28%
Raz jak poszliśmy na obiad to przyszła kelnerka i mówi:
28%
Na śniadanie o szesnastej i jemy je w łóżku, ty mały maluszku
18%
Cztery Perły w kieszeni pół paczki Cameli mam
17%
I brwi jak Czesław Miłosz ale może gdzieś to miłość jest
12%
A całej reszcie dzięki za cierpliwość i z góry dzięki za diament
4%
Nie znaleziono quizów pasujących do podanych kryteriów
Rozkład punktacji
Procent ludzi z każdym wynikiem
Percentyl według liczby udzielonych odpowiedzi
Twoja historia wyników
Nie rozwiązałeś tego quizu